Normal view
MARC view
- Insurance orgnazation and mangament
Entry Topical Term
001 - CONTROL NUMBER
- control field: 110225
003 - CONTROL NUMBER IDENTIFIER
- control field: NUST
005 - DATE AND TIME OF LATEST TRANSACTION
- control field: 20230314101009.0
008 - FIXED-LENGTH DATA ELEMENTS
- fixed length control field: 230314|| aca||aabn | a|a d
040 ## - CATALOGING SOURCE
- Original cataloging agency: NUST
- Transcribing agency: NUST
150 ## - HEADING--TOPICAL TERM
- Topical term or geographic name entry element: Insurance orgnazation and mangament
670 ## - SOURCE DATA FOUND
- Source citation: Work cat.: (NUST)185761: J. R. Welson 110224, Insurance Organization and Management /, 1945
